000 00583cam a2200205 4500
001 6035
005 20250606142738.0
008 250606b |||||||| |||| 00| 0 eng d
010 _a 2015301786
020 _a9780415009034
022 _a9780415009034
100 1 _aKuper,Adam.
245 1 4 _aThe invention of primitive society:
_btransformations of an Illusion
264 1 _aNew York :
_bRoutledge
_c 1988.
300 _a vii,262 pages.
_c20 cm
336 _atext
_btxt
_2rdacontent
337 _aunmediated
_bn
_2rdamedia
338 _avolume
_bnc
_2rdacarrier
942 _2ddc
_cMAIN
999 _c10312
_d10313